00890nam a22002537a 45000010005000000030006000050050017000110080041000280200018000690400029000870500015001160820010001311000040001412450092001812600050002733000050003235050007003735200118003805210021004985210018005196500034005376500030005717000035006019966FISKH20260320082947.0260320b cb ||||| |||| 00| 0 eng d a9780064451246 aFISKHbengcFISKHdFISKH aQL941 .Z64 a591.4 aZoehfeld, Kathleen Weidner eAuthor aWhat lives in a shell? /cby Kathleen Weidner Zoehfeld ; illustrated by Helen K. Davie  aNew York : bHarperCollins Publishers ,c1994 a32 pages :bcolor illustrations ;c21 x 26 cm aJ  aDescribes such animals as snails, turtles, and crabs, which live in shells and use these coverings as protection.8 a460 bLexile AD 8 aJ bRaz-Plus  aAnimal defensesvAnimal homes aNon-fictionvPicture book aDavie, Helen K. eIllustrator